<?xml version="1.0" encoding="UTF-8"?>
<record
    xmlns:xsi="http://www.w3.org/2001/XMLSchema-instance"
    xsi:schemaLocation="http://www.loc.gov/MARC21/slim http://www.loc.gov/standards/marcxml/schema/MARC21slim.xsd"
    xmlns="http://www.loc.gov/MARC21/slim">

  <leader>00842nam a22002057a 4500</leader>
  <datafield tag="999" ind1=" " ind2=" ">
    <subfield code="c">4554</subfield>
    <subfield code="d">4554</subfield>
  </datafield>
  <controlfield tag="001">9835</controlfield>
  <controlfield tag="003">BD-DhUAP</controlfield>
  <controlfield tag="005">20201112151547.0</controlfield>
  <controlfield tag="008">201112r19932006bg  |||| |||| 00| 0 ben d</controlfield>
  <datafield tag="020" ind1=" " ind2=" ">
    <subfield code="a">8170791863</subfield>
  </datafield>
  <datafield tag="040" ind1=" " ind2=" ">
    <subfield code="a">BD-DhUAP</subfield>
    <subfield code="b">Ben</subfield>
    <subfield code="c">BD-DhUAP</subfield>
    <subfield code="d">BD-DhUAP</subfield>
  </datafield>
  <datafield tag="082" ind1=" " ind2=" ">
    <subfield code="2">23</subfield>
    <subfield code="a">954.02 SEN</subfield>
  </datafield>
  <datafield tag="100" ind1=" " ind2=" ">
    <subfield code="a">&#x9B8;&#x9C7;&#x9A8;, &#x9A6;&#x9C0;&#x9A8;&#x9C7;&#x9B6;&#x99A;&#x9A8;&#x9CD;&#x9A6;&#x9CD;&#x9B0;&#x964;</subfield>
  </datafield>
  <datafield tag="245" ind1=" " ind2=" ">
    <subfield code="a">&#x9AC;&#x9C3;&#x9B9;&#x9CE; &#x9AC;&#x999;&#x9CD;&#x997; :</subfield>
    <subfield code="b">(&#x9B8;&#x9C1;&#x9AA;&#x9CD;&#x9B0;&#x9BE;&#x99A;&#x9C0;&#x9A8; &#x995;&#x9BE;&#x9B2; &#x9B9;&#x987;&#x9A4;&#x9C7; &#x9AA;&#x9B2;&#x9BE;&#x9B6;&#x9C0;&#x9B0; &#x9AF;&#x9C1;&#x9A6;&#x9CD;&#x9A7; &#x9AA;&#x9B0;&#x9CD;&#x9AF;&#x9CD;&#x9AF;&#x9A8;&#x9CD;&#x9A4;) /</subfield>
    <subfield code="c">&#x9A6;&#x9C0;&#x9A8;&#x9C7;&#x9B6;&#x99A;&#x9A8;&#x9CD;&#x9A6;&#x9CD;&#x9B0; &#x9B8;&#x9C7;&#x9A8;&#x964;</subfield>
  </datafield>
  <datafield tag="260" ind1=" " ind2=" ">
    <subfield code="a">&#x995;&#x9B2;&#x995;&#x9BE;&#x9A4;&#x9BE; : </subfield>
    <subfield code="b">&#x9A6;&#x9C7;&#x99C; &#x9AA;&#x9BE;&#x9AC;&#x9B2;&#x9BF;&#x9B6;&#x9BF;&#x982;, </subfield>
    <subfield code="c">&#x9E7;&#x9EF;&#x9EF;&#x9E9; [&#x9AE;&#x9C1;&#x9A6;&#x9CD;&#x9B0;&#x9A3; &#x9E8;&#x9E6;&#x9E6;&#x9EC;]&#x964;</subfield>
  </datafield>
  <datafield tag="300" ind1=" " ind2=" ">
    <subfield code="a">&#x996;&#x9A3;&#x9CD;&#x9A1; ;</subfield>
    <subfield code="c">&#x9E8;&#x9E8; &#x9B8;&#x9C7;&#x9AE;&#x9BF;.&#x964;</subfield>
  </datafield>
  <datafield tag="505" ind1=" " ind2=" ">
    <subfield code="a">&#x996;&#x9A3;&#x9CD;&#x9A1; &#x9E8;--</subfield>
  </datafield>
  <datafield tag="651" ind1=" " ind2=" ">
    <subfield code="a">India (Bengal&#x964;)</subfield>
    <subfield code="v">History.</subfield>
  </datafield>
  <datafield tag="942" ind1=" " ind2=" ">
    <subfield code="2">ddc</subfield>
    <subfield code="c">BK</subfield>
  </datafield>
  <datafield tag="952" ind1=" " ind2=" ">
    <subfield code="0">0</subfield>
    <subfield code="1">0</subfield>
    <subfield code="2">ddc</subfield>
    <subfield code="4">0</subfield>
    <subfield code="7">0</subfield>
    <subfield code="a">UAPCL</subfield>
    <subfield code="b">UAPCL</subfield>
    <subfield code="c">General Stacks</subfield>
    <subfield code="d">2020-11-12</subfield>
    <subfield code="o">954.02 SEN V-2</subfield>
    <subfield code="p">3010009835</subfield>
    <subfield code="r">2020-11-12</subfield>
    <subfield code="t">1</subfield>
    <subfield code="w">2020-11-12</subfield>
    <subfield code="y">BK</subfield>
  </datafield>
</record>
